000 00470nam a2200193Ia 4500
008 240510s9999 xx 000 0 und d
020 _a0003540411437
041 _aEng
082 _a004.3
082 _bH26
100 _aHerlihy, M.:
245 0 _aDistributed Computing : Lecture Notes in Computer Science: Proceedings
260 _bSpringer: Tokyo
260 _c2000
300 _a388 p.
650 _aDistributed Computing
942 _2ddc
942 _cRBK
999 _c27390
_d27390
945 _a1
_bMadushi Gamage
_c1
_dMadushi Gamage